000 00209 a2200097 4500
001 46361
100 _aFreundlich, E
245 _aAir Navigation
260 _aLondon
_bOliver & Boyd
_c
090 _c29479
_d29479
942 _aNUST-CAE
_cM
_c21645
999 _c281434
_d281434